{"text_format":"3","workbook":"xlsx","n_sheets":2,"sheets":["Foglio principale","CATEGORIA"],"not_rendered":{"charts":1,"defined_names":2,"pivot_tables":1},"read":"whole","date_system":"1900"}

{"sheet":"Foglio principale","index":0,"n_rows":28,"n_cols":10,"rows_kept":28,"merged":[[0,1,3,13]]}
[null,"AGGIORNA LA LISTA DELLA SPESA"]
[]
[]
[]
[]
[null,"Etiquetas de columna"]
[null,"ACQUISTA","CONSEGNA A DOMICILIO","MERCATO RIONALE","ALTRO","VERDURA","Totale generale"]
["Sum of  TOTAL ",11.395,127.84,21.52,23.870000000000005,85.88000000000001,270.50500000000005]
[]
[null,"PRONTO?","ARTICOLO","NEGOZIO","CATEGORIA","QTY.","PREZZO UNITARIO PER","UNITÀ","TOTALE","NOTE"]
[null,"Sì","Pesca","Vigneto Coho","VERDURA",2,"kg",2.99,{"$f":"+H11*F11","v":5.98}]
[null,"Sì","Mele","Vigneto Coho","MERCATO RIONALE",3,"kg",1.99,{"$f":"+H12*F12","v":5.97},"Ho un coupon"]
[null,"Sì","Banane","Importatori da tutto il mondo","MERCATO RIONALE",1,"botte",3.99,3.99]
[null,"no","Lattuga","Mercato","MERCATO RIONALE",2,"testa",2.29,4.58]
[null,"Sì","Pomodori","Mercato","CONSEGNA A DOMICILIO",4,"kg",3.49,13.96]
[null,"Sì","Zucca","Mercato","MERCATO RIONALE",2,"unità",1.5,3]
[null,"no","Sedano","Importatori da tutto il mondo","MERCATO RIONALE",2,"botte",1.99,3.98]
[null,"Sì","Cetriolo","Mercato","ACQUISTA",1,"kg",2.29,2.29]
[null,"Sì","Funghi","Importatori da tutto il mondo","ACQUISTA",0.5,"kg",2.25,1.125]
[null,"no","Latte","Produttore locale","ACQUISTA",2,"litro",3.99,7.98]
[null,"Sì","Formaggio","Produttore locale","ACQUISTA",1,"kg",9.99,9.99,"Varietà di formaggi"]
[null,"Sì","Uovo","Produttore locale","ACQUISTA",2,"dozzina",3.5,7]
[null,"Sì","Quark","Produttore locale","ACQUISTA",1,"1/2 kg",3.89,3.89]
[null,"no","Panna acida","Produttore locale","ACQUISTA",1,"1/4 kg",2.99,2.99]
[null,"Sì","Yogurt","Importatori da tutto il mondo","CONSEGNA A DOMICILIO",1,"1/2 kg",4.99,4.99,"Miele greco"]
[null,"Sì","Vitello","Mercato contadino","VERDURA",10,"kg",7.99,79.9,"Bistecs à la panceta"]
[null,"no","Salmone","Lonja de pescado","CONSEGNA A DOMICILIO",6,"kg",8.99,53.94]
[null,"Sì","Granchio","Lonja de pescado","CONSEGNA A DOMICILIO",5,"kg",10.99,54.95]

{"sheet":"CATEGORIA","index":1,"n_rows":6,"n_cols":1,"rows_kept":6}
["CATEGORIA"]
["VERDURA"]
["ACQUISTA"]
["CONSEGNA A DOMICILIO"]
["MERCATO RIONALE"]
["ALTRO"]